Largest European or American Cities - Statistics

General Stats
  • This quiz has been taken 260 times
    114 since last reset
  • The average score is 23 of 28
Answer Stats
Population City % Correct
14.9 m London
100%
11.5 m Paris
100%
22.2 m New York City
98%
6.65 m Madrid
97%
19.1 m Moscow
96%
17.2 m Los Angeles
95%
4.85 m Berlin
92%
7.05 m Houston
89%
7.45 m San Francisco
89%
15.9 m Istanbul
88%
9.65 m Chicago
87%
6.10 m Miami
87%
7.65 m Dallas
86%
4.88 m Barcelona
84%
6.10 m Milan
84%
7.70 m Boston
82%
7.50 m Philadelphia
81%
6.50 m Saint Petersburg
81%
3.58 m Athens
78%
8.55 m Washington, DC
75%
6.10 m Atlanta
72%
4.90 m Phoenix
71%
4.48 m Seattle
69%
4.05 m Naples
68%
5.75 m Detroit
65%
3.85 m Denver
60%
3.80 m Orlando
48%
4.93 m Tampa
47%
No matching quizzes found
Score Distribution
Percent of People with Each Score
Percentile by Number Answered
Your Score History
You have not taken this quiz since the last reset